Ariana Grande - Statistiques

Statistiques générales
  • Ce quiz a été pris 257 fois
  • Le résultat moyen est 27 sur 50
Statistiques - réponses
Hint Réponse % Correct
2020 Positions
83%
Quel président américain a invité Ariana Grande à la Maison Blanche, a chanté lors du concert "Women of Soul" ainsi que lors du "White House Easter Egg Roll" en 2014 ? Barack Obama
82%
2016 Dangerous Woman
81%
2018 Sweetener
81%
Comment s'appelle son premier single sortie en 2013 avec Mac Miller ? The Way
81%
2024 Eternal Sunshine
79%
2019 Thank U, Next
79%
Quel rôle joue Ariana Grande dans la sitcom "Victorious" à partir de 2010 ? Cat Valentine
78%
2014 My Everything
77%
Dans quelle ville anglaise, un attentat-suicide à la sortie de son concert en 2017 a-t-il eu lieu ? Manchester
76%
2013 Yours Truly
76%
Pour quel chanteur, elle effectue trois dates en première partie lors du "Believe Tour" ? Justin Bieber
74%
Avec quel chanteur français, Ariana Grande fait une reprise de son titre "One Last Time" en 2015 ? Kendji Girac
73%
Comment s'appelle son demi-frère, qui est aussi le nom d'une édition unisexe de son parfum qu'elle a rebaptisée en 2016 ? Frankie Grande
66%
Quel membre de la famille Kardashian-Jenner fait partie du clip de la chanson "Thank U, Next" ? Kris Jenner
65%
Comment s'appelle la chanson interprétée par Ariana Grande, Miley Cyrus et Lana Del Rey, spécialement composée pour le film "Charlie's Angels" de 2019 ? Don't Call Me Angel
64%
Dans quelle émission, Ariana Grande devient-elle juge pendant une saison en 2021 ? The Voice
62%
Finit le titre de cette chanson : "Dangerous..." Woman
61%
Avec qui Ariana Grande interprète-t-elle le titre "Bang Bang" ? Jessie J/Nicki Minaj
60%
Finit le titre de cette chanson : "Side To..." Side
60%
Finit le titre de cette chanson : "God is a..." Woman
60%
Finit le titre de cette chanson : "Into..." You
60%
Cite moi une chanson d'Ariana Grande contenant un chiffre dans son titre : Only 1/7 rings/34+35
58%
Finit le titre de cette chanson : "Break Up With Your Girlfriend, I’m..." Bored
57%
Avec qui Ariana Grande interprète-t-elle le titre "Popular Song" ? Mika
57%
Quel est le premier titre qu'elle dévoile avant la sortie de son dernier album en 2024 ? Yes, And?
56%
Comment s'appelle l'humoriste américain avec qui, Ariana Grande était en couple en 2018, une chanson dans son quatrième album porte son nom ? Pete Davidson
55%
Avec qui Ariana Grande interprète-t-elle le titre "Love Me Harder" ? The Weeknd
55%
Quelle première chanson est dévoilée pour son quatrième album, elle l'a chantera pour la première fois à Coachella en 2018, invitée par le DJ, Kygo ? No Tears Left to Cry
54%
De quel film Disney, Ariana Grande reprend-elle la chanson "Zero to Hero" dans un album contenant des reprises de chansons issues des bandes originales Disney s'appelant "We Love Disney" sortie en 2015 ? Hercule
50%
Comment s'appelle le documentaire de sa tournée "Sweetener World Tour" sortie en 2020 sur Netflix ? Excuse Me, I Love You
49%
Avec qui Ariana Grande interprète-t-elle le titre "motive" ? Doja Cat
47%
Comment s'appelle le premier parfum pour femmes qu'elle lance en 2015 ? ARI by Ariana Grande
46%
Avec qui Ariana Grande interprète-t-elle le titre "Problem" ? Iggy Azalea
46%
Dans quelle série de 2015, Ariana Grande joue-t-elle le rôle de Sonya Herfmann ou Chanel #2 ? Scream Queens
45%
Avec qui Ariana Grande interprète-t-elle le titre "Break Free" ? Zedd
42%
Dans quelle comédie musicale à Broadway, Ariana Grande joue-t-elle le rôle de Charlotte en 2008 ? 13
41%
Avec qui Ariana Grande interprète-t-elle le titre "Right There" ? Big Sean
40%
Avec qui Ariana Grande interprète-t-elle le titre "blazed" ? Pharrell Williams
37%
Avec qui Ariana Grande interprète-t-elle le titre "Everyday" ? Future
36%
Avec qui Ariana Grande interprète-t-elle le titre "Let Me Love You" ? Lil Wayne
34%
Comment s'appelle le premier EP qu'elle a sortie en 2013 contenant deux reprises et deux chansons originales, autour du thème de Noël ? Christmas Kisses
32%
Cite moi une chanson d'Ariana Grande qui a été co-écrite avec Victoria Monét ? Be Alright/Let Me Love You/Thank U, Next
29%
Avec qui Ariana Grande interprète-t-elle le titre "supernatural" ? Troye Sivan
29%
En plus d'Ariana Grande, avec qui d'autre Mariah Carey publie-t-elle une nouvelle version de son single "Oh Santa !" en 2020 ? Jennifer Hudson
28%
Avec qui Ariana Grande interprète-t-elle le titre "borderline" ? Missy Elliott
28%
Quel acteur américain, joue le rôle de son ex dans le clip de "We Can't Be Friends (Wait for Your Love)" ? Evan Peters
25%
Avec qui Ariana Grande interprète-t-elle le titre "Hands On Me" ? A$AP Ferg
19%
Avec qui Ariana Grande interprète-t-elle le titre "Break Your Heart Right Back" ? Childish Gambino
17%
Quel acteur américain chante le refrain du titre "Focus" en répétant "Focus on me" ? Jamie Foxx
13%
Aucun quiz correspondant
Distribution des résultats
% des personnes avec chaque résultat
Percentile par nombre de réponses
Votre historique - résultats
Vous n’avez pas pris ce quiz